000 00394nam a22001697a 4500
999 _c11820
_d11820
003 OSt
008 230131b ||||| |||| 00| 0 eng d
020 _a9789353501051
082 _a005.1023 BUS
100 _aBUTTERFIELD,Jeff
245 _aSoft Skills for Everyone
250 _a2nd Ed
260 _aNew Delhi
_bCengage
_c2020
300 _a627
650 _aSoft Skills
942 _2ddc
_cREF